|
|
|
|
| LEADER |
00709nab a2200205 i 4500 |
| 001 |
acta15605 |
| 005 |
20210326141852.0 |
| 008 |
161015s1996 hu o 0|| eng d |
| 022 |
|
|
|a 0001-6969
|
| 040 |
|
|
|a SZTE Egyetemi Kiadványok Repozitórium
|b hun
|
| 041 |
|
|
|a eng
|
| 100 |
1 |
|
|a Izuchi Keiji
|
| 245 |
1 |
0 |
|a Sequential Korovkin type theorems and weighted composition operators
|h [elektronikus dokumentum] /
|c Izuchi Keiji
|
| 260 |
|
|
|c 1996
|
| 300 |
|
|
|a 161-174
|
| 490 |
0 |
|
|a Acta scientiarum mathematicarum
|v 62 No. 1-2
|
| 695 |
|
|
|a Matematika
|
| 700 |
0 |
1 |
|a Takagi Hiroyuki
|e aut
|
| 700 |
0 |
1 |
|a Watanabe Seiji
|e aut
|
| 856 |
4 |
0 |
|u http://acta.bibl.u-szeged.hu/15605/1/math_062_numb_001_002_161-174.pdf
|z Dokumentum-elérés
|